FIH Odisha Hockey Men's World Cup 2023 (Record no. 47300)

MARC details
000 -LEADER
fixed length control field 00802nam a22001937a 4500
005 - DATE AND TIME OF LATEST TRANSACTION
control field 20260219100534.0
008 - FIXED-LENGTH DATA ELEMENTS--GENERAL INFORMATION
fixed length control field 260219b |||||||| |||| 00| 0 eng d
020 ## - INTERNATIONAL STANDARD BOOK NUMBER
International Standard Book Number 9789393875280
040 ## - CATALOGING SOURCE
Transcribing agency VITAP
082 ## - DEWEY DECIMAL CLASSIFICATION NUMBER
Edition number 23
Classification number 796.356 SEN
100 ## - MAIN ENTRY--PERSONAL NAME
Personal name Sengupta, Ayon Ed.
9 (RLIN) 17136
245 ## - TITLE STATEMENT
Title FIH Odisha Hockey Men's World Cup 2023
Remainder of title : The 15th Chapter of The FIH World Cup Saw a Grand Celebration of The Sport in Odisha, Which Became The First to Host Back-to- Back Editions
Statement of responsibility, etc. / Ayon Sengupta Ed.
260 ## - PUBLICATION, DISTRIBUTION, ETC.
Place of publication, distribution, etc. Chennai
Name of publisher, distributor, etc. THG Publishing Pvt Ltd.
Date of publication, distribution, etc. 2024
300 ## - PHYSICAL DESCRIPTION
Extent 252p, ill.: 30cm*30cm
650 #0 - SUBJECT ADDED ENTRY--TOPICAL TERM
Topical term or geographic name entry element History of the Hockey World Cup, About the Host, Tournament Format, Teams & Squads, Match Highlights etc.
9 (RLIN) 17137
700 ## - ADDED ENTRY--PERSONAL NAME
Personal name Narayanan, R Ed.
9 (RLIN) 17138
700 ## - ADDED ENTRY--PERSONAL NAME
Personal name Prasad, G
9 (RLIN) 17139
942 ## - ADDED ENTRY ELEMENTS (KOHA)
Source of classification or shelving scheme Dewey Decimal Classification
Koha item type Reference Book
Holdings
Withdrawn status Lost status Source of classification or shelving scheme Materials specified (bound volume or other part) Damaged status Not for loan Collection code Home library Current library Shelving location Date acquired Source of acquisition Cost, normal purchase price Inventory number Total Checkouts Full call number Barcode Date last seen Cost, replacement price Price effective from Koha item type Public note
    Dewey Decimal Classification Hard Bound   Not For Loan Reference School of Business & General Section VIT-AP Reference 2026-01-12 The Hindu Group of Publications 2999.00 9001173329   796.356 SEN 025508 2026-02-19 2999.00 2026-01-12 Reference Book GEN

Visitor Number: